| 000 | 00901nam a22002297a 4500 | ||
|---|---|---|---|
| 005 | 20240530110601.0 | ||
| 008 | 160120s2013 lu a g b 001 0 ara d | ||
| 020 | _a9789953826165 | ||
| 040 | _aEG-CaGPL | ||
| 082 | 0 | 4 |
_221 _a219.3\ _bع إ |
| 100 | 0 | _aعبدالغنى عماد . | |
| 245 | 1 | 2 |
_aالاسلاميون بين الثورة و الدولة : _bاشكالية انتاج النموذج و بناء الخطاب / _cعبدالغنى عماد . |
| 250 | _aط1. | ||
| 260 |
_aبيروت : _bمركز دراسات الوحدة العربية ، _c2013 . |
||
| 300 |
_a304 ص ؛ _c24 سم . |
||
| 504 | _aببليوجرافية : ص 281 - 291 | ||
| 650 | 0 | 4 | _aالاسلام و السياسة . |
| 650 | 0 | 4 |
_aالطبقة الوسطى _zالعالم العربى . |
| 650 | 0 | 4 |
_aالطبقات الاجتماعية _zالعالم العربى . |
| 942 |
_2ddc _cBK |
||
| 999 |
_c62664 _d62664 |
||